Social security in India : a guide to the employees state insurance and provident fund schemes (Record no. 495482)

000 -LEADER
fixed length control field 00467cam a22001097a 4500
008 - FIXED-LENGTH DATA ELEMENTS--GENERAL INFORMATION
fixed length control field 180718b1965 xxu||||| |||| 00| 0 eng d
082 ## - DEWEY DECIMAL CLASSIFICATION NUMBER
Classification number Q5 x54 In2
245 ## - TITLE STATEMENT
Title Social security in India : a guide to the employees state insurance and provident fund schemes
Statement of responsibility, etc. byLabour Bureau Ministry of Labour, Employment And Rehabilitation, Delhi
260 ## - PUBLICATION, DISTRIBUTION, ETC.
Place of publication, distribution, etc. Delhi
Name of publisher, distributor, etc. Manager of Publication
Date of publication, distribution, etc. 1965
300 ## - PHYSICAL DESCRIPTION
Extent 39p.
700 ## - ADDED ENTRY--PERSONAL NAME
Personal name India. Ministry of Labour, Employment And Rehabilitation
Holdings
Withdrawn status Lost status Damaged status Not for loan Permanent Location Current Location Date acquired Full call number Barcode Date last seen Price effective from Koha item type
        Indian Institute of Public Administration Indian Institute of Public Administration 2018-08-04 Q5 x54 In2 GG8703 2018-08-04 2018-08-04 GG

Powered by Koha